| 000 | 00847nab a2200253 u 4500 | ||
|---|---|---|---|
| 001 | 17807 | ||
| 003 | HDC | ||
| 007 | cr bn ---aaaaa | ||
| 008 | 210225c |r|noo 0 a d | ||
| 040 | _aHDC | ||
| 100 |
_aZurinna Raja Adam, _eauthor _99725 |
||
| 245 | 0 |
_aHDC plans fund to spur Malaysia halal industry / _cby Zurinna Raja Adam |
|
| 260 |
_aBrunei : _bBrunei Times PLC, _c2011 |
||
| 336 |
_atext _2rdacontent |
||
| 337 |
_acomputer _2rdamedia |
||
| 338 |
_aonline resource _2rdacarrier |
||
| 650 |
_aHalal food industry _9128 |
||
| 650 |
_aLocal company _910933 |
||
| 710 | _aThe Brunei Times | ||
| 856 | _zRequest full-text at [email protected] | ||
| 942 | _2lcc | ||
| 942 | _cNEWS | ||
| 942 | _kNWSO 009481 | ||
| 999 |
_c15123 _d15123 |
||